| 000 | 01179cam a2200349 a 4500 | ||
|---|---|---|---|
| 005 | 20260322212054.0 | ||
| 008 | data | ||
| 010 | _a 98046759 | ||
| 020 | _a0231113900 (cloth) | ||
| 020 | _a0231113919 (pbk.) | ||
| 020 | _a9780231113908 (cloth) | ||
| 020 | _a9780231113915 (pbk.) | ||
| 040 |
_aDLC _cDLC _dDLC |
||
| 043 | _an-us--- | ||
| 050 | 0 | 0 |
_aHV10.5 _b.R427 1999 |
| 082 | 0 | 0 |
_a361.3/2 _221 |
| 100 | 1 |
_aReamer, Frederic G., _d1953- |
|
| 245 | 1 | 0 |
_aSocial work values and ethics / _cFrederic G. Reamer. |
| 250 | _a2nd ed. | ||
| 260 |
_aNew York : _bColumbia University Press, _cc1999. |
||
| 300 |
_axi, 247 p. ; _c24 cm. |
||
| 504 | _aIncludes bibliographical references (p. [229]-243) and index. | ||
| 650 | 0 |
_aSocial service _xMoral and ethical aspects. |
|
| 650 | 0 |
_aSocial workers _xProfessional ethics. |
|
| 650 | 0 |
_aSocial service _zUnited States. |
|
| 906 |
_a7 _bcbc _corignew _d1 _eocip _f19 _gy-gencatlg |
||
| 925 | 0 |
_aacquire _b2 shelf copies _xpolicy default |
|
| 985 | _eGAP | ||
| 001 | data | ||
| 999 |
_c1289 _d1289 |
||